<?xml version='1.0' encoding='UTF-8'?>
  <record xmlns="http://www.loc.gov/MARC21/slim">
    <leader>00000cam a2200000 i 4500</leader>
    <controlfield tag="001">ocm68852174</controlfield>
    <controlfield tag="003">OCoLC</controlfield>
    <controlfield tag="005">20251028031416.1</controlfield>
    <controlfield tag="008">960126m15791581gw            001 0 lat d</controlfield>
    <datafield tag="040" ind1=" " ind2=" ">
      <subfield code="a">NLGGC</subfield>
      <subfield code="b">dut</subfield>
      <subfield code="e">fobidrtb</subfield>
      <subfield code="c">NLGGC</subfield>
      <subfield code="d">QGJ</subfield>
      <subfield code="d">OCLCF</subfield>
      <subfield code="d">QGJ</subfield>
      <subfield code="d">OCLCA</subfield>
      <subfield code="d">OCLCQ</subfield>
      <subfield code="d">OCLCO</subfield>
      <subfield code="d">OCLCL</subfield>
      <subfield code="d">OCLCA</subfield>
    </datafield>
    <datafield tag="029" ind1="0" ind2=" ">
      <subfield code="a">NLGGC</subfield>
      <subfield code="b">145193810</subfield>
    </datafield>
    <datafield tag="035" ind1=" " ind2=" ">
      <subfield code="a">(OCoLC)68852174</subfield>
    </datafield>
    <datafield tag="245" ind1="0" ind2="0">
      <subfield code="a">Rerum Hispanicarvm scriptores aliqvot ... :</subfield>
      <subfield code="b">quorum nomina versa pagina indicabit. /</subfield>
      <subfield code="c">ex bibliotheca clarißimi viri Roberti Beli Angli. ; nunc accvrativs emandativsqve recusi, et in duos tomos digesti, adiecto in fine indice copiosissimo.</subfield>
    </datafield>
    <datafield tag="246" ind1="3" ind2=" ">
      <subfield code="a">Rerum Hispanicarum scriptores aliquot, quorum nomina versa pagina indicabit</subfield>
    </datafield>
    <datafield tag="246" ind1="3" ind2=" ">
      <subfield code="a">De rebvs gestis a Franciso Ximenio Cisnerio, Archiepiscopo Toletano, libri octo</subfield>
    </datafield>
    <datafield tag="246" ind1="3" ind2=" ">
      <subfield code="a">De rebus gestis a Francisco Ximenio Cisnerio ...</subfield>
    </datafield>
    <datafield tag="246" ind1="3" ind2=" ">
      <subfield code="a">Rerum Hispanicarum scriptorum tomus posterior</subfield>
    </datafield>
    <datafield tag="260" ind1=" " ind2=" ">
      <subfield code="a">Francofvrti :</subfield>
      <subfield code="b">Ex officina typographica Andreæ Wecheli,</subfield>
      <subfield code="c">1579-1581.</subfield>
    </datafield>
    <datafield tag="300" ind1=" " ind2=" ">
      <subfield code="a">3 dl. ([12], 1258, [42], [8], 271, [9] p.) ;</subfield>
      <subfield code="c">in-2</subfield>
    </datafield>
    <datafield tag="336" ind1=" " ind2=" ">
      <subfield code="a">tekst</subfield>
      <subfield code="b">txt</subfield>
      <subfield code="2">rdacontent/dut</subfield>
    </datafield>
    <datafield tag="337" ind1=" " ind2=" ">
      <subfield code="a">zonder medium</subfield>
      <subfield code="b">n</subfield>
      <subfield code="2">rdamedia/dut</subfield>
    </datafield>
    <datafield tag="338" ind1=" " ind2=" ">
      <subfield code="a">band</subfield>
      <subfield code="b">nc</subfield>
      <subfield code="2">rdacarrier/dut</subfield>
    </datafield>
    <datafield tag="500" ind1=" " ind2=" ">
      <subfield code="a">1#)(6 a-z 6 A-Z 6 Aa-Ee 6 2#[*] 2 Ff-Zz 6 AA-ZZ 6 AAa-PPp 6 QQq 8 3# par 4 A-Y 6 Z 4 &amp; 4.</subfield>
    </datafield>
    <datafield tag="500" ind1=" " ind2=" ">
      <subfield code="a">Dl. 2 met titel: Rerum Hispanicarum scriptorum tomus posterior.</subfield>
    </datafield>
    <datafield tag="500" ind1=" " ind2=" ">
      <subfield code="a">Dl. 3 met titel: De rebvs gestis a Francisco Ximenio Cisnerio, Archiepiscopo Toletano, libri octo, / avthore Alvaro Gomecio: qui sunt rerum Hispanicarum tomus III; ... quibus inscriptiones aliquot Tarraconenses ex historia Hispanica Ludovici Pontis adjunctae sunt; omnia studio Joann. Sambuci Pannonii ... - 1581.</subfield>
    </datafield>
    <datafield tag="510" ind1="0" ind2=" ">
      <subfield code="a">Adams, B 568</subfield>
    </datafield>
    <datafield tag="510" ind1="0" ind2=" ">
      <subfield code="a">Catalogus Bibliotheca Amstelredamensis, 1612 T 15</subfield>
    </datafield>
    <datafield tag="510" ind1="0" ind2=" ">
      <subfield code="a">VD 16, R 1163-1165</subfield>
    </datafield>
    <datafield tag="600" ind1="1" ind2="0">
      <subfield code="a">Jiménez de Cisneros, Francisco,</subfield>
      <subfield code="d">1436?-1517.</subfield>
    </datafield>
    <datafield tag="600" ind1="1" ind2="7">
      <subfield code="a">Jiménez de Cisneros, Francisco,</subfield>
      <subfield code="d">1436?-1517.</subfield>
      <subfield code="2">fast</subfield>
      <subfield code="0">(OCoLC)fst00058132</subfield>
      <subfield code="1">https://id.oclc.org/worldcat/entity/E39PBJvHhjFHYjM3PTRHJ6jpyd</subfield>
    </datafield>
    <datafield tag="700" ind1="1" ind2=" ">
      <subfield code="a">Belus, Robertus.</subfield>
    </datafield>
    <datafield tag="700" ind1="1" ind2=" ">
      <subfield code="a">Gomecius, Alvarus,</subfield>
      <subfield code="d">16e eeuw</subfield>
      <subfield code="1">https://id.oclc.org/worldcat/entity/E39PCjFFVHrCRJGHyKxjfGFrmd</subfield>
    </datafield>
    <datafield tag="700" ind1="1" ind2=" ">
      <subfield code="a">Sambucus, Johannes,</subfield>
      <subfield code="d">1531-1584.</subfield>
      <subfield code="1">https://id.oclc.org/worldcat/entity/E39PBJfmrdgYwb6rvW34vpXcfq</subfield>
    </datafield>
    <datafield tag="700" ind1="1" ind2=" ">
      <subfield code="a">Pons de Icart, Luis,</subfield>
      <subfield code="d">1518-1587</subfield>
    </datafield>
    <datafield tag="710" ind1="0" ind2=" ">
      <subfield code="a">Wechel, Andreas (Frankfort a.M.)</subfield>
      <subfield code="4">prt</subfield>
      <subfield code="0">(NL-LeOCL)077153383</subfield>
    </datafield>
  </record>